000 00533nam a2200217Ia 4500
003 OSt
005 20220928143029.0
006 a|||||r|||| 00| 0
007 ta
008 220927b |||||||| |||| 00| 0 eng d
024 _a20471
037 _cTextual
040 _aSDCL
_cSDCL
_beng
041 _2eng
_aeng
082 _aP152:28, M1
100 _aVajpaiye Kishoridas
_9504168
245 0 _aHindi nirukat.
260 _c1981
942 _hP152:28, M1
_cTEXL
_2CC
999 _c822590
_d822590